[Event "Challenge"]
[Site "http://www.queenalice.com/game.php?id=492604"]
[Date "2008.11.13"]
[Round "-"]
[White "Danilo_Machado_Pires"]
[Black "Claudio_C_A"]
[Result "1-0"]
[WhiteElo "2056"]
[BlackElo "1516"]

1. e4 c5 2. Nf3 e5 3. Nc3 Nh6 4. d3 Qb6 5. Nd5 Qa5+ 6. Bd2 Qb5 7. Nc7+ Kd8 8.
Nxb5 Ng4 9. Ng5 Nh6 10. Be2 g6 11. O-O Nc6 12. f4 f6 13. Nf3 a6 14. Nc3 d6 15.
fxe5 dxe5 16. Nd5 Ra7 17. Nxf6 Nf7 18. Nd5 Be6 19. Bg5+ Kd7 20. c3 h6 21. Be3
Nd6 22. Bxc5 b6 23. Nxb6+ Kd8 24. Qa4 Rc7 25. Nd5 Nb5 26. Bb6 Bd7 27. Nxc7 Ke7
28. d4 Nd6 29. dxe5 Nxe5 30. Qb4 1-0

[Event "Challenge"]
[Site "http://www.queenalice.com/game.php?id=528640"]
[Date "2009.1.24"]
[Round "-"]
[White "Darky"]
[Black "Danilo_Machado_Pires"]
[Result "0-1"]
[WhiteElo "1624"]
[BlackElo "2044"]

1. e4 e5 2. Nf3 Nc6 3. Bb5 Nf6 4. O-O Be7 5. Re1 O-O 6. c4 Bc5 7. d3 Ng4 8. Rf1
h6 9. h3 Nf6 10. a3 Re8 11. Be3 Nd4 0-1

[Event "AUTO-OPEN-1262"]
[Site "http://www.queenalice.com/game.php?id=567878"]
[Date "2009.4.6"]
[Round "2"]
[White "Lorfman"]
[Black "Danilo_Machado_Pires"]
[Result "1-0"]
[WhiteElo "2637"]
[BlackElo "2057"]

1. e4 e5 2. Nf3 Nc6 3. Bc4 Nf6 4. Ng5 d5 5. exd5 Na5 6. Bb5+ c6 7. dxc6 bxc6 8.
Qf3 Qb6 9. Bd3 Be7 10. O-O O-O 11. Nc3 Bg4 12. Qg3 h6 13. h3 Bd7 14. Qxe5 Rfe8
15. Nge4 Nb7 16. b3 Nc5 17. Nxc5 Qxc5 18. Qxc5 Bxc5 19. Bb2 Rad8 20. Rfe1 Bc8
21. Rxe8+ Rxe8 22. Kf1 Kf8 23. Re1 Rxe1+ 24. Kxe1 Bb6 25. Ne4 Nd5 26. Ba3+ Ke8
27. Nd6+ Kd8 28. Nxf7+ Kc7 29. Bd6+ Kb7 30. Be5 Be6 31. Nd6+ Ka8 32. Bxg7 h5 33.
c4 Ne7 34. Be2 Bc7 35. Ne8 Bb8 36. Bxh5 Nf5 37. Bf6 Bd7 38. g4 Nh6 39. Bg5 Ng8
40. f4 a5 41. Bf7 Bxe8 42. Bxe8 1-0

[Event "AUTO-OPEN-1262"]
[Site "http://www.queenalice.com/game.php?id=567879"]
[Date "2009.4.6"]
[Round "2"]
[White "Danilo_Machado_Pires"]
[Black "Lorfman"]
[Result "0-1"]
[WhiteElo "2048"]
[BlackElo "2618"]

1. e4 c5 2. Nf3 Nc6 3. Bc4 d6 4. O-O Nf6 5. Nc3 a6 6. d4 cxd4 7. Nxd4 e6 8. Bg5
Be7 9. Nf3 b5 10. Be2 Bb7 11. a3 O-O 12. Nd4 Nxe4 13. Bxe7 Nxe7 14. Nxe4 Bxe4
15. Bd3 Bb7 16. Re1 e5 17. Nb3 f5 18. f3 Ng6 19. a4 Nf4 20. axb5 axb5 21. Rxa8
Qb6+ 22. Kh1 Bxa8 23. Bf1 g5 24. Qd2 g4 25. fxg4 fxg4 26. Qb4 Nh3 27. Qxg4+ Kh8
28. Qxh3 Qf2 0-1

[Event "AUTO-OPEN-1262"]
[Site "http://www.queenalice.com/game.php?id=567884"]
[Date "2009.4.6"]
[Round "2"]
[White "Danilo_Machado_Pires"]
[Black "Pato"]
[Result "0-1"]
[WhiteElo "2048"]
[BlackElo "2165"]

1. e4 Nc6 2. Nf3 d6 3. d4 Bg4 4. Be2 Bxf3 5. Bxf3 e5 6. d5 Nce7 7. Nc3 g6 8. O-O
Bg7 9. Bg5 f6 10. Be3 f5 11. exf5 Nxf5 12. Bd2 Nf6 13. Re1 O-O 14. h3 Nd4 15.
Bg5 Qd7 16. Be2 h6 17. Be3 Nxe2+ 18. Nxe2 Qb5 19. Nc3 Qb4 20. Rb1 Rae8 21. a3
Qh4 22. Qd3 a6 23. Qxg6 Kh8 24. Rbd1 Rg8 25. Qf5 Ref8 26. Qd3 Nh5 27. Qd2 Nf4
0-1

[Event "AUTO-OPEN-1262"]
[Site "http://www.queenalice.com/game.php?id=567885"]
[Date "2009.4.6"]
[Round "2"]
[White "Pato"]
[Black "Danilo_Machado_Pires"]
[Result "1-0"]
[WhiteElo "2124"]
[BlackElo "2061"]

1. f4 d5 2. Nf3 Nc6 3. e3 Nf6 4. Bb5 Bd7 5. Bxc6 Bxc6 6. b3 e6 7. O-O Bc5 8. Bb2
O-O 9. d4 Bd6 10. c4 b6 11. Nc3 Bb7 12. Rc1 c6 13. Ne5 Nd7 14. Qh5 Nf6 15. Qh3
h6 16. g4 Nh7 17. e4 dxc4 18. Nxc4 Bb4 19. Rcd1 c5 20. d5 exd5 21. Nxd5 Bxd5 22.
Rxd5 Qe7 23. Nd6 Nf6 24. Nf5 Qxe4 25. Bxf6 Qxf5 26. Rxf5 gxf6 27. Qxh6 1-0

[Event "AUTO-OPEN-1310"]
[Site "http://www.queenalice.com/game.php?id=573305"]
[Date "2009.4.17"]
[Round "2"]
[White "Danilo_Machado_Pires"]
[Black "yozzer"]
[Result "0-1"]
[WhiteElo "2040"]
[BlackElo "2297"]

1. e4 d5 2. exd5 Qxd5 3. Nf3 Nf6 4. Nc3 Qd6 5. Be2 a6 6. O-O Nc6 7. d4 Bf5 8. a3
O-O-O 9. Be3 e5 10. dxe5 Nxe5 11. Qxd6 Nxf3+ 12. Bxf3 Bxd6 13. Rac1 Be5 14. Bg5
Rhe8 15. Rfe1 h6 16. Bh4 g5 17. Bg3 Bxg3 18. Rxe8 Bxh2+ 19. Kxh2 Rxe8 20. Kg1
Re6 21. Kf1 Rd6 22. Ke1 h5 23. Na4 g4 24. Be2 h4 25. b3 Ne4 26. Bd3 Rf6 27. Nb2
h3 28. gxh3 gxh3 29. f3 h2 30. Ke2 Ng3+ 31. Kf2 h1=Q 32. Rxh1 Nxh1+ 33. Kg2 Bxd3
34. Nxd3 Rh6 35. Nf4 Kd7 0-1

[Event "AUTO-OPEN-1310"]
[Site "http://www.queenalice.com/game.php?id=573312"]
[Date "2009.4.17"]
[Round "2"]
[White "Danilo_Machado_Pires"]
[Black "jolomol"]
[Result "1-0"]
[WhiteElo "2043"]
[BlackElo "1770"]

1. e4 e5 2. Nf3 Nf6 3. Nc3 Nc6 4. Bc4 Be7 5. O-O O-O 6. d4 d6 7. dxe5 Nxe5 8.
Nxe5 dxe5 9. Qxd8 Rxd8 10. Bg5 c6 11. Rad1 Bg4 12. Rxd8+ 1-0

[Event "AUTO-OPEN-1310"]
[Site "http://www.queenalice.com/game.php?id=573313"]
[Date "2009.4.17"]
[Round "2"]
[White "jolomol"]
[Black "Danilo_Machado_Pires"]
[Result "0-1"]
[WhiteElo "1776"]
[BlackElo "2037"]

1. e4 e5 2. Nf3 Nc6 3. Bc4 Nf6 4. O-O Bc5 5. Nc3 O-O 6. d3 h6 7. Be3 Bxe3 8.
fxe3 d6 9. Qe1 Bg4 10. Nh4 Na5 11. Bb3 Nxb3 12. axb3 d5 0-1

[Event "AUTO-MASTER-644"]
[Site "http://www.queenalice.com/game.php?id=608144"]
[Date "2009.6.24"]
[Round "2"]
[White "enzoiazo"]
[Black "Danilo_Machado_Pires"]
[Result "1-0"]
[WhiteElo "2138"]
[BlackElo "1996"]

1. d4 d5 2. Nf3 Nc6 3. Bf4 Nf6 4. e3 e6 5. Bd3 Be7 6. O-O O-O 7. Nbd2 h6 8. a3
a6 9. c4 dxc4 10. Nxc4 Nd5 11. Bg3 Nf6 12. Rc1 Bd6 13. Nxd6 cxd6 14. Bb1 Re8 15.
Bh4 e5 16. dxe5 Nxe5 17. Nxe5 Rxe5 18. Qd4 g5 19. Bg3 Rd5 20. Qc3 Be6 21. Rcd1
Rc8 22. Qb4 Nh5 23. Qxb7 Nxg3 24. hxg3 Rb8 25. Qxa6 Rxd1 26. Rxd1 Rxb2 27. Qd3
Qf6 28. f3 Qe5 29. Qh7+ Kf8 30. Qxh6+ Ke7 31. e4 Qxg3 32. Qh2 Qf2+ 33. Kh1 Rd2
34. Rc1 Qd4 35. a4 Rd1+ 36. Rxd1 Qxd1+ 37. Qg1 Qxa4 38. Qc1 Qa5 39. Kh2 Qe5+ 40.
Kh1 Kd7 41. Bd3 Qh8+ 42. Kg1 Qd4+ 43. Kh2 Qxd3 44. Qxg5 Qd4 45. Qb5+ Ke7 46.
Qg5+ Qf6 47. Qe3 Qh4+ 48. Kg1 Qg3 49. Qa7+ Bd7 50. Kf1 Qf4 51. Kf2 Qd2+ 52. Kg3
Qg5+ 53. Kf2 Qc5+ 54. Qxc5 dxc5 55. Ke3 1-0

[Event "AUTO-MASTER-644"]
[Site "http://www.queenalice.com/game.php?id=608145"]
[Date "2009.6.24"]
[Round "2"]
[White "Danilo_Machado_Pires"]
[Black "enzoiazo"]
[Result "1-0"]
[WhiteElo "1996"]
[BlackElo "2140"]

1. e4 Nf6 2. Nc3 d5 3. exd5 Nxd5 4. Bc4 Nxc3 5. Qf3 e6 6. dxc3 Qf6 7. Be3 Nd7 8.
O-O-O Ne5 9. Qe2 Nxc4 10. Qxc4 Bd6 11. Nf3 O-O 12. h4 Bd7 13. Bg5 Qf5 14. Nd4
Qxf2 15. Rdf1 Qg3 16. Qe2 c5 17. Rh3 Qxg2 18. Qxg2 1-0

[Event "AUTO-MASTER-644"]
[Site "http://www.queenalice.com/game.php?id=608152"]
[Date "2009.6.24"]
[Round "2"]
[White "Danilo_Machado_Pires"]
[Black "MalucoO"]
[Result "1/2-1/2"]
[WhiteElo "1988"]
[BlackElo "2179"]

1. e4 c5 2. Nf3 e6 3. Nc3 Nc6 4. Bb5 d6 5. d4 cxd4 6. Nxd4 Bd7 7. O-O Nf6 8. Bg5
Be7 9. Nf3 Qc7 10. Ba4 a6 11. Re1 O-O-O 12. a3 Na5 13. Bxd7+ Rxd7 14. Qe2 h6 15.
Bf4 Nh5 16. Be3 Qc4 17. Qd1 Bd8 18. Nd4 Nf6 19. Nb3 Nxe4 20. Nxe4 Qxe4 21. Nxa5
Bxa5 22. b4 Bd8 23. c4 g5 24. Bd4 Qh7 25. Bxh8 Qxh8 26. Qa4 Bc7 27. c5 dxc5 28.
bxc5 Qd4 29. Qc2 Qf4 30. g3 Rd2 31. gxf4 Rxc2 32. fxg5 Rxc5 33. gxh6 Rg5+ 34.
Kf1 Rh5 35. Rac1 Rxh2 36. Rc4 Rxh6 37. Ke2 Kb8 38. Rec1 Bb6 39. R1c3 Ka7 40. a4
e5 41. Rf3 f6 42. Rg4 Bd4 43. Rg7 Kb6 44. Rf7 Ka5 45. R7xf6 Rh4 46. Ra3 Kb4 47.
Rff3 b6 48. Ra2 Rh2 49. Kf1 Rh1+ 50. Kg2 Rb1 51. Rd3 Kc4 52. Rda3 Rb3 53. Rxb3
Kxb3 54. Re2 b5 55. axb5 axb5 56. Kf3 b4 57. Ke4 Kc3 58. Ra2 b3 59. Re2 b2 60.
Rxb2 Kxb2 61. f4 exf4 1/2-1/2

[Event "AUTO-MASTER-644"]
[Site "http://www.queenalice.com/game.php?id=608153"]
[Date "2009.6.24"]
[Round "2"]
[White "MalucoO"]
[Black "Danilo_Machado_Pires"]
[Result "1-0"]
[WhiteElo "2117"]
[BlackElo "1997"]

1. e4 e5 2. Nf3 Nc6 3. Bb5 Nf6 4. O-O Bc5 5. c3 a6 6. Ba4 O-O 7. d4 exd4 8. cxd4
Be7 9. Nc3 b5 10. Bc2 Bb7 11. Re1 h6 12. a3 Re8 13. e5 Nh7 14. Qd3 Nf8 15. d5
Na7 16. b4 Nc8 17. Bb2 Nb6 18. Bb3 Ng6 19. d6 cxd6 20. Qxg6 Nc4 21. Bxc4 bxc4
22. Qg3 dxe5 23. Nxe5 Bd6 24. Nxf7 Bxg3 25. Nxd8 Bxf2+ 26. Kxf2 Rf8+ 27. Kg1
Raxd8 28. Rad1 Bc6 29. Nd5 Ba4 30. Rd4 Bb3 31. Re7 Rde8 32. Rxe8 Rxe8 33. Kf2
Rf8+ 34. Ke2 Re8+ 35. Ne3 d5 36. Bc3 1-0

[Event "Challenge"]
[Site "http://www.queenalice.com/game.php?id=614312"]
[Date "2009.7.6"]
[Round "-"]
[White "Danilo_Machado_Pires"]
[Black "Canaye"]
[Result "0-1"]
[WhiteElo "2015"]
[BlackElo "1936"]

1. e4 e6 2. d4 d5 3. exd5 exd5 4. Nf3 Nf6 5. Nc3 Bb4 6. Be2 O-O 7. Bg5 Nbd7 8.
Qd3 c5 9. O-O c4 10. Qd1 a6 11. Ne5 h6 12. Nxd7 Qxd7 13. Bxf6 gxf6 14. Bh5 Bxc3
15. bxc3 Qf5 16. h3 Kh7 17. f4 Rg8 18. Qf3 Qxh3 19. Qxh3 Bxh3 20. Rf2 Rg7 21.
Kh2 Bf5 22. Bf3 Be4 23. Bxe4+ dxe4 24. f5 Re8 25. Re1 Rg4 26. Re3 h5 27. g3 Kh6
28. Rfe2 Kg5 29. Rf2 Rh8 30. d5 h4 31. gxh4+ Rgxh4+ 32. Kg2 Rh2+ 33. Kf1 Rxf2+
34. Kxf2 Kxf5 35. d6 Ke5 0-1

[Event "Desafio #1"]
[Site "http://www.queenalice.com/game.php?id=622653"]
[Date "2009.7.21"]
[Round "-"]
[White "Aylton"]
[Black "Danilo_Machado_Pires"]
[Result "1-0"]
[WhiteElo "1949"]
[BlackElo "2034"]

1. d4 d5 2. Nf3 Nc6 3. e3 a6 4. c4 Bg4 5. h3 Bh5 6. Nbd2 e6 7. a3 Nf6 8. b3 Be7
9. Bb2 O-O 10. Be2 dxc4 11. bxc4 h6 12. O-O Re8 13. Bc3 Nh7 14. Qb3 b6 15. Qb2
Bf8 16. g4 Bg6 17. Kg2 Ng5 18. Nxg5 Qxg5 19. f4 Qd8 20. Bf3 Na5 21. Bxa5 bxa5
22. Bxa8 Qxa8+ 23. Kg3 Be7 24. Qc3 a4 25. Rfe1 Qd8 26. Re2 Bh4+ 27. Kf3 Qd7 28.
e4 Rd8 29. Ke3 Qc6 30. Rb1 Qd6 31. c5 Qc6 32. Qb4 e5 33. d5 exf4+ 34. Kf3 Qd7
35. c6 Qxc6 36. dxc6 Rd3+ 37. Kg2 Rg3+ 38. Kh2 f3 39. Rf2 1-0

[Event "Desafio #2"]
[Site "http://www.queenalice.com/game.php?id=622654"]
[Date "2009.7.21"]
[Round "-"]
[White "Danilo_Machado_Pires"]
[Black "Aylton"]
[Result "1-0"]
[WhiteElo "2022"]
[BlackElo "2050"]

1. e4 c5 2. Nf3 Nc6 3. Nc3 e6 4. d4 cxd4 5. Nxd4 Nge7 6. Be2 Nxd4 7. O-O Nxe2+
8. Qxe2 Nc6 9. Re1 Be7 10. e5 d5 11. a3 a6 12. Qg4 g6 13. Bh6 f5 14. Qe2 Bg5 15.
Bg7 Rg8 16. Bf6 Bxf6 17. exf6 Qxf6 18. Nxd5 Qd8 19. Rad1 Kf7 20. Nf4 Qf6 21. c3
h6 22. Rd6 Re8 23. Nd5 Rd8 24. Nxf6 Rxd6 25. Ng4 fxg4 26. Qxg4 e5 27. Qf3+ Rf6
28. Qe3 g5 29. Qd3 Bf5 30. Qd5+ Kg6 31. Qb3 Rb8 32. h3 Be6 33. Qa4 Rbf8 34. f3
Bc8 35. b4 b5 36. Qb3 Be6 37. Qc2+ Kg7 38. a4 Bc4 39. axb5 axb5 40. Rd1 R8f7 41.
Qe4 h5 42. Qe3 Kg6 43. Qc5 g4 44. hxg4 hxg4 45. fxg4 Kg5 46. Qe3+ Kxg4 47. Qh3+
Kg5 48. Ra1 Rf1+ 49. Rxf1 Rxf1+ 50. Kh2 Rf6 51. Qe3+ Kf5 52. Qf3+ Kg6 53. Qe4+
Kf7 54. g4 Ke7 55. g5 Rd6 56. Qh7+ Bf7 57. Qh8 Bg6 58. c4 bxc4 59. b5 c3 60.
bxc6 c2 61. Qxe5+ Re6 62. Qc7+ Kf8 63. Qf4+ Ke7 64. Qb4+ Rd6 65. Qc5 Ke6 66. c7
Rd2+ 67. Kg3 Rd3+ 68. Kf2 Rd2+ 69. Ke3 Rd3+ 70. Ke2 1-0

[Event "Desafio #3"]
[Site "http://www.queenalice.com/game.php?id=641111"]
[Date "2009.8.23"]
[Round "-"]
[White "Aylton"]
[Black "Danilo_Machado_Pires"]
[Result "1-0"]
[WhiteElo "1893"]
[BlackElo "2018"]

1. d4 d5 2. Nf3 Nc6 3. e3 Nf6 4. h3 e6 5. c4 Be7 6. Nc3 O-O 7. Be2 dxc4 8. Bxc4
Bb4 9. Bd2 Ne7 10. a3 Bxc3 11. Bxc3 Nfd5 12. Qc2 c6 13. O-O Nxc3 14. Qxc3 Nd5
15. Bxd5 exd5 16. b4 Qf6 17. Kh2 Qd6+ 18. g3 Qf6 19. Ne5 Qe6 20. g4 f6 21. Nd3
f5 22. Rg1 fxg4 23. hxg4 Qh6+ 24. Kg3 Qg5 25. Ne5 Be6 26. f4 Qe7 27. f5 Bxf5 28.
gxf5 Rxf5 29. Raf1 Qg5+ 30. Kh3 Qh5+ 31. Kg3 Rg5+ 32. Kf2 1-0

[Event "Desafio #4"]
[Site "http://www.queenalice.com/game.php?id=641112"]
[Date "2009.8.23"]
[Round "-"]
[White "Danilo_Machado_Pires"]
[Black "Aylton"]
[Result "0-1"]
[WhiteElo "2039"]
[BlackElo "1910"]

1. e4 e6 2. Nf3 d5 3. exd5 exd5 4. d4 Nf6 5. Be2 Be7 6. O-O O-O 7. Bg5 h6 8. Bh4
c6 9. Nc3 Nbd7 10. a3 b6 11. Re1 Bb7 12. Bd3 Bd6 13. Ne5 Qc7 14. Nf3 g5 15. Bg3
Bxg3 16. hxg3 Kg7 17. Qd2 Rae8 18. Rxe8 Rxe8 19. Re1 Rxe1+ 20. Qxe1 Qd6 21. Qe3
Qe6 22. Qd2 c5 0-1

[Event "Challenge"]
[Site "http://www.queenalice.com/game.php?id=653432"]
[Date "2009.9.16"]
[Round "-"]
[White "Danilo_Machado_Pires"]
[Black "thedead"]
[Result "1-0"]
[WhiteElo "1986"]
[BlackElo "1381"]

1. e4 e5 2. Nf3 Nc6 3. Bc4 Be7 4. Nc3 Nf6 5. O-O O-O 6. d4 exd4 7. Nxd4 Ne5 8.
Bb3 d6 9. f4 Ng6 10. h3 Bd7 11. Qe2 Re8 12. Nf3 Nh5 13. f5 Nf8 14. Bxf7+ Kxf7
15. Qc4+ Kf6 16. Bg5# 1-0